| 000 | 01129nam a2200241Ia 4500 | ||
|---|---|---|---|
| 999 |
_c9670 _d9670 |
||
| 005 | 20231009141647.0 | ||
| 008 | 231006s9999 xx 000 0 und d | ||
| 020 | _a978-84-283-3997-1 | ||
| 040 |
_aUPAN _cBiblioteca San Vicente _eRCAA80 |
||
| 041 | _aspa | ||
| 082 |
_a371.302 81 _bM386c _c2018 |
||
| 100 |
_aMartín Vivaldi, Gonzalo _4aut. |
||
| 245 | 0 |
_aCurso de redacción: _bTeoría y práctica de la composición y del estilo/ _cGonzalo Martín Vivaldi, Arsenio Sánchez Pérez |
|
| 250 | _a34º ed | ||
| 260 |
_aEspaña: _bParaninfo, _c2018 |
||
| 300 |
_a536 p.; _c28 cm. |
||
| 505 | _aCapitulo 1. Cuestiones gramaticales Capitulo 2.Claridad y orden. Capitulo 3. Precisión en el empleo del lenguaje Capitulo 4. La elegancia en el lenguaje y el arte de escribir Capitulo 5. El arte de escribir y las técnicas - La información y la noticia - El comentario - La narración y su técnica | ||
| 650 |
_2LEMB _vRedacción _xLengua española |
||
| 650 |
_2LEMB _xTécnicas editoriales |
||
| 650 |
_2LEMB _xRedacción de escritos técnicos |
||
| 700 |
_a Sánchez Pérez, Arsenio _4aut. |
||
| 942 |
_cBK _2ddc |
||